DISEASES OF FIELD & HORTICULTURAL CROPS AND THEIR MANAGEMENT -II (Record no. 8754)

MARC details
000 -LEADER
fixed length control field 00447nam a22001697a 4500
005 - DATE AND TIME OF LATEST TRANSACTION
control field 20250414162122.0
008 - FIXED-LENGTH DATA ELEMENTS--GENERAL INFORMATION
fixed length control field 250411b |||||||| |||| 00| 0 eng d
020 ## - INTERNATIONAL STANDARD BOOK NUMBER
ISBN 978-93-91383-91-6
041 ## - LANGUAGE CODE
Language code of text/sound track or separate title eng
082 ## - DEWEY DECIMAL CLASSIFICATION NUMBER
Classification number 661.2 KUR-D
100 ## - MAIN ENTRY--AUTHOR NAME
Personal name KUMAR, SANJEEV
245 ## - TITLE STATEMENT
Title DISEASES OF FIELD & HORTICULTURAL CROPS AND THEIR MANAGEMENT -II
260 ## - PUBLICATION, DISTRIBUTION, ETC. (IMPRINT)
Place of publication NEW DELHI
Name of publisher NIPA PVT.LTD
300 ## - PHYSICAL DESCRIPTION
Number of Pages 214;P
650 ## - SUBJECT ADDED ENTRY--TOPICAL TERM
Topical Term AGRICULTURE
942 ## - ADDED ENTRY ELEMENTS (KOHA)
Koha item type Books
Holdings
Lost status Damaged status Collection code Home library Current library Shelving location Date acquired Source of acquisition Cost, normal purchase price Full call number Accession Number Koha item type
    Reference JRU Library JRU Library SHELF-2-A 10/04/2025 PURCHASE 4995.00 661.2 28714 Books
    AGRICULTURE JRU Library JRU Library   10/04/2025 PURCHASE 4995.00 661.2 28715 Books